000 00396pab a2200169 454500
008 180718b2006 xxu||||| |||| 00| 0 eng d
100 _aDiamond, Douglas B.
245 _aMoney in a theory of banking
260 _c2006
300 _ap.30-53.
362 _aMar
650 _aBanks
650 _aMoney
700 _aRajan, Raghuram G.
773 _aAmerican Economic Review
909 _a70505
999 _c70505
_d70505